| 000 | 00538pam a2200205 i 4500 | ||
|---|---|---|---|
| 001 | 1808256 | ||
| 005 | 20180206035032.0 | ||
| 008 | 790315s1979 nyua 001 0 eng | ||
| 010 | _a 79010699 | ||
| 020 | _a0471015032 | ||
| 040 |
_aDLC _cDLC _dDLC |
||
| 041 | _aeng | ||
| 080 | _a658.787 DUD | ||
| 082 | 0 | 0 | _a658.787 DUD |
| 100 | 1 | _a56 | |
| 101 | _aFIN | ||
| 245 | 1 | 0 |
_aInventory control for the financial executive / _cThomas S. Dudick, Ross Cornell. |
| 906 |
_a7 _bcbc _corignew _d1 _eocip _f19 _gy-gencatlg |
||
| 942 |
_2ddc _cBK |
||
| 999 |
_c41862 _d41862 |
||